Lokarashtrangal. Vol.1-3 (Record no. 42692)
[ view plain ]
| 000 -LEADER | |
|---|---|
| fixed length control field | 00359nam a2200145Ia 4500 |
| 020 ## - INTERNATIONAL STANDARD BOOK NUMBER | |
| ISBN | 8126414650 |
| 082 ## - DEWEY DECIMAL CLASSIFICATION NUMBER | |
| Classification number | 911(100) |
| Item number | Rav.1-3 |
| 245 #0 - TITLE STATEMENT | |
| Title | Lokarashtrangal. Vol.1-3 |
| 260 ## - PUBLICATION, DISTRIBUTION, ETC. (IMPRINT) | |
| Place of publication | Kottayam |
| Name of publisher | D C Books |
| Year of publication | 2007 |
| 650 ## - SUBJECT ADDED ENTRY--TOPICAL TERM | |
| Topical Term | World geography |
| 650 ## - SUBJECT ADDED ENTRY--TOPICAL TERM | |
| Topical Term | World history |
| 700 ## - ADDED ENTRY--PERSONAL NAME | |
| Personal name | Ravi, D C |
| 942 ## - ADDED ENTRY ELEMENTS (KOHA) | |
| Koha item type | Books |
| Withdrawn status | Lost status | Damaged status | Not for loan | Home library | Current library | Date acquired | Full call number | Accession Number | Koha item type |
|---|---|---|---|---|---|---|---|---|---|
| RRII Library | RRII Library | 16/12/2021 | 911(100) Rav.1-3 | 22958 | Books |